Slovenské cestovné kancelárie chcú vylúčiť nekalú konkurenciu

Slovenská asociácia cestovných kancelárií (SACK) - združuje 144 členov vrátane všetkých významných subjektov tohto druhu v rámci slovenského turizmu.Funkcie touroperátorov a predajcov. Tri druhy zmlúv na uzatváranie obchodných vzťahov. SACK razantnejšia v oblasti ochrany spotrebiteľa. Typové zmluvy...

Descrizione completa

Salvato in:
Dettagli Bibliografici
Autore principale: Kuminiaková, V.
Natura: Capitolo di libro
Lingua:slovacco
Soggetti:
Tags: Aggiungi Tag
Nessun Tag, puoi essere il primo ad aggiungerne!!

MARC

LEADER 00000naa a2200000 4500
001 r026053
005 20230921080446.1
041 0 |a slo 
044 |a SK 
245 1 0 |a Slovenské cestovné kancelárie chcú vylúčiť nekalú konkurenciu  |c V. Kuminiaková 
520 |a Slovenská asociácia cestovných kancelárií (SACK) - združuje 144 členov vrátane všetkých významných subjektov tohto druhu v rámci slovenského turizmu.Funkcie touroperátorov a predajcov. Tri druhy zmlúv na uzatváranie obchodných vzťahov. SACK razantnejšia v oblasti ochrany spotrebiteľa. Typové zmluvy a ich funkcia. 
610 2 0 |a kancelárie cestovné 
610 2 0 |a konkurencia 
610 2 0 |a ochrana spotrebiteľa 
610 2 0 |a Slovensko 
610 2 0 |a Slovenská asociácia cestovných kancelárií 
100 1 |a Kuminiaková, V.